| 000 | 00641nmc a2200253 a 4500 | ||
|---|---|---|---|
| 003 | AR-BaBNM | ||
| 005 | 20251128211412.0 | ||
| 008 | 074020s2003 ||||||||||||||000 | spa|| | ||
| 020 | _a84-7432-835-7 | ||
| 040 | _cAR-BaBNM | ||
| 100 | 1 | _aMorin, Edgar | |
| 245 | 1 | 0 | _aEducar en la era planetaria |
| 250 | _a1ª ed. | ||
| 260 |
_aBarcelona _bGedisa _c2003 |
||
| 300 | 0 | _a140 p. | |
| 490 | 0 | _aLibertad y cambio | |
| 650 | 4 | _aFILOSOFIA DE LA EDUCACION | |
| 650 | 4 | _aTEORIA DEL CONOCIMIENTO | |
| 650 | 4 | _aPROSPECCION EDUCACIONAL | |
| 700 | 1 | _aCiurana, Emilio Roger | |
| 700 | 1 | _aMotta, Raúl D. | |
| 942 | _cBK | ||
| 998 | _craquel | ||
| 999 |
_c19540 _d19540 |
||